Handbuch der spanischen und deutschen Umgangssprache = Manual de Conversación hispano-alemán (Record no. 10499)

MARC details
000 -CABECERA
campo de control de longitud fija 00822nam a2200241 a 4500
001 - NÚMERO DE CONTROL
campo de control BRL_1691
005 - FECHA Y HORA DE LA ÚLTIMA TRANSACCIÓN
campo de control 20190320211327.0
008 - DATOS DE LONGITUD FIJA--INFORMACIÓN GENERAL
campo de control de longitud fija 280414s1936----gw-#######---#000-0#ger-#
041 ## - CÓDIGO DE LENGUA
Código de lengua del texto/banda sonora o título independiente ger
Código de lengua original spa
044 ## - CÓDIGO DEL PAÍS DE LA ENTIDAD EDITORA/PRODUCTORA
Código MARC del país gw
050 #4 - SIGNATURA TOPOGRÁFICA DE LA BIBLIOTECA DEL CONGRESO
Número de clasificación PC4121
Número de documento/Ítem .N64 1936
100 1# - ENTRADA PRINCIPAL--NOMBRE DE PERSONA
Nombre de persona Noeli, Teodosio
Fechas asociadas al nombre 1884-
9 (RLIN) 27639
245 10 - MENCIÓN DE TÍTULO
Título Handbuch der spanischen und deutschen Umgangssprache = Manual de Conversación hispano-alemán
Mención de responsabilidad, etc. von Teodosio Noeli und Gertrud Menschell.
260 ## - PUBLICACIÓN, DISTRIBUCIÓN, ETC.
Lugar de publicación, distribución, etc. Berlin
Nombre del editor, distribuidor, etc. Langenscheidtsche
Fecha de publicación, distribución, etc. 1936
300 ## - DESCRIPCIÓN FÍSICA
Extensión xi, 324 p.
Dimensiones 16 cm.
500 ## - NOTA GENERAL
Nota general Au2150
650 14 - PUNTO DE ACCESO ADICIONAL DE MATERIA--TÉRMINO DE MATERIA
Término de materia o nombre geográfico como elemento de entrada Alemán
Subdivisión general Libros de conversación y frases
9 (RLIN) 27640
650 14 - PUNTO DE ACCESO ADICIONAL DE MATERIA--TÉRMINO DE MATERIA
Término de materia o nombre geográfico como elemento de entrada Español
Subdivisión general Libros de conversación y frases
9 (RLIN) 27641
700 1# - PUNTO DE ACCESO ADICIONAL--NOMBRE DE PERSONA
Nombre de persona Menschell, Gertrud
Término indicativo de función/relación coaut.
9 (RLIN) 27642
740 0# - PUNTO DE ACCESO ADICIONAL--TÍTULO RELACIONADO O ANALÍTICO NO CONTROLADO
Título relacionado o analítico no controlado Manual de Conversación hispano-alemán
902 ## - CATALOGADOR
Iniciales GRL
942 ## - ELEMENTOS DE PUNTO DE ACCESO ADICIONAL (KOHA)
Fuente del sistema de clasificación o colocación Library of Congress Classification
Tipo de ítem Koha Libros
Holdings
Estado de retiro Estado de pérdida Estado dañado No para préstamo Localización permanente Ubicación/localización actual Fecha de adquisición Número de inventario Total de préstamos Signatura topográfica completa Código de barras Fecha visto por última vez Precio válido a partir de Tipo de ítem Koha
El ejemplar forma parte de la colección y puede ser consultado según las políticas vigentes.       Biblioteca Centro de Estudios Ruth D. Lechuga Biblioteca Centro de Estudios Ruth D. Lechuga 28/04/2014 Au2150   PC4121 .N64 1936 (Au2150) GRL01859 22/03/2019 22/03/2019 Libros